| 000 | 00804nam a2200229 i 4500 | ||
|---|---|---|---|
| 001 | bg | ||
| 100 | 1 |
_aRAKOWSKI, Gustaw _d(1929-2006). |
|
| 245 | 1 | 0 |
_aSprężystość : _bproblemy i rozwiązania : metody analityczne i numeryczne : suplement / _cGustaw Rakowski. |
| 260 |
_aKielce : _bWydaw. PŚ, _c2003. |
||
| 300 |
_a84 s. : _bil. ; _c24 cm. |
||
| 490 | 1 |
_aSkrypty / [Politechnika Świętokrzyska], _x0239-6386 ; _vnr 397 |
|
| 504 | _aBibliogr. | ||
| 650 | 9 | _aMetody i |zagadnienia brzegowe | |
| 650 | 9 |
_aPowłoki (bud.) _xmechanika |
|
| 655 | _aPodręczniki akademickie | ||
| 830 | 0 |
_aSkrypty ([Politechnika Świętokrzyska]) ; _vnr 397 |
|
| 040 | _cBPK | ||
| 041 | 0 | _apol | |
| 080 | _a519.61/.64:624.074.4/.5:531.2:539.3/.6](075.8) | ||
| 942 | _cKS | ||
| 008 | s pl f |000 0 pol | ||
| 999 |
_c43928 _d43928 |
||
| 856 |
_uhttp://koha.tu.koszalin.pl/cgi-bin/koha/opac-detail.pl?biblionumber=43928 _yKatalog online BPK |
||